| 000 | 00721nam a2200229Ia 4500 | ||
|---|---|---|---|
| 003 | GCL | ||
| 008 | 140319s9999 xx 000 0 ara d | ||
| 040 |
_aGCL / _cGCL |
||
| 082 | 0 | 4 |
_a214.27 _bج ن |
| 100 | 1 | _aجارودى، روجيه | |
| 245 | 1 | 0 |
_aنحو حرب دينية: جدل العصر / _cجارودى، روجيه |
| 700 | 1 | _aصياح الجهيم | |
| 700 | 1 | _aبوف، ليونارد | |
| 300 | _a200 ص | ||
| 490 |
_aالهيئة العامة للاستعلامات _v0 |
||
| 650 | 0 | 4 | _aالاسلام |
| 650 | 0 | 4 | _aالاسلام والمسيحية |
| 650 | 0 | 4 | _aالاشتراكية |
| 650 | 0 | 4 | _aالثقافة الاسلامية |
| 650 | 0 | 4 | _aالاسلام - اوروبا |
| 942 |
_2ddc _cBK |
||
| 999 |
_c50422 _d50422 |
||